LEADER 00448nab a2200133 i 4500 001 000000323715 003 CaOOAMICUS 005 20180831173430.0 008 180831n it uu u0 0ita r 013 $a34082 040 $aSeMil$bita 245 10$aAlla vigilia dell'ordinazione. - In [rubrica] :$bCandidati 2001. 773 0 $tPreti 2001.$gp.4$w()282935 996 $6245$aAlla vigilia dell'ordinazione. - In [rubrica] :$bCandidati 2001.$9(OLS)http://semarc/title/397100 LEADER 00778naa a2200157 i 4500 001 000000317386 003 CaOOAMICUS 005 20180831173227.0 008 180831n xx u000 u fre u 013 $a26469 040 $aSeMil$bita 100 1 $aJoblin, Joseph .$0(OLS)http://semarc/name/93939 245 10$aPréparation de la doctrine conciliaire sur la liberté religieuse par l'enseignement de Pie 12. 600 04$aPio XII .$0(OLS)http://semarc/subject/687 773 0 $tEredità del Magistero di Pio 12..$dCittà del Vaticano : LUP, 2010.$kDibattito per il millennio$z978-88-465-0687-0$gp.115-140$w()195539 996 $6245$aPréparation de la doctrine conciliaire sur la liberté religieuse par l'enseignement de Pie 12.$9(OLS)http://semarc/title/391354